Une sociologie de l'« invisibilité » : réorienter notre regard (notice n° 1669771)

détails MARC
000 -LEADER
fixed length control field 02337cam a2200169 4500500
005 - DATE AND TIME OF LATEST TRANSACTION
control field 20260222010947.0
041 ## - LANGUAGE CODE
Language code of text/sound track or separate title fre
042 ## - AUTHENTICATION CODE
Authentication code dc
100 10 - MAIN ENTRY--PERSONAL NAME
Personal name Brekhus, Wayne
Relator term author
245 00 - TITLE STATEMENT
Title Une sociologie de l'« invisibilité » : réorienter notre regard
260 ## - PUBLICATION, DISTRIBUTION, ETC.
Date of publication, distribution, etc. 2005.<br/>
500 ## - GENERAL NOTE
General note 38
520 ## - SUMMARY, ETC.
Summary, etc. Cet article suggère que la sociologie américaine a de facto développé une tradition de recherche du « marqué », qui consacre une plus grande attention épistémologique aux dispositifs « politiquement saillants » de la vie sociale. Bien que le « non-marqué » corresponde à la partie la plus importante de la vie sociale, le marqué gouverne de manière disproportionnée l’attention de la sociologie. Et puisque le marqué est aussi ce qui attire d’emblée plus l’attention dans la culture générale, la sociologie participe à un processus de re-marquage et donc à la reproduction des images de sens commun de la réalité sociale. Cet article tire les conséquences analytiques de ce processus et plaide pour le développement d’une sociologie qui se penche explicitement sur ce qui n’est pas d’emblée visible et cherche à mettre en avant des éléments de la réalité sociale qui passent d’ordinaire inaperçus politiquement ou qui vont de soi.
520 ## - SUMMARY, ETC.
Summary, etc. A SOCIOLOGY OF “INVISIBILITY”: REORIENTING OUR GAZE This article suggests that American sociology has developed a de facto tradition in the sociology of the marked that devotes greater epistemological attention to “politically salient” features of social life. Although the “unmarked” comprises the vast majority of social life, the “marked” commands a disproportionate share of attention from sociologists. Since the marked already draws more attention within the general culture, social scientists contribute to re-marking and to the reproduction of common-sense images of social reality. This has important analytical consequences. This article argues for developing a stronger tradition in a sociology of the unmarked that explicitly foregrounds “politically unnoticed” and takenforgranted elements of social reality.
786 0# - DATA SOURCE ENTRY
Note Réseaux | 129-130 | 1 | 2005-04-01 | p. 243-272 | 0751-7971
856 41 - ELECTRONIC LOCATION AND ACCESS
Uniform Resource Identifier <a href="https://shs.cairn.info/revue-reseaux1-2005-1-page-243?lang=fr&redirect-ssocas=7080">https://shs.cairn.info/revue-reseaux1-2005-1-page-243?lang=fr&redirect-ssocas=7080</a>

Pas d'exemplaire disponible.

PLUDOC

PLUDOC est la plateforme unique et centralisée de gestion des bibliothèques physiques et numériques de Guinée administré par le CEDUST. Elle est la plus grande base de données de ressources documentaires pour les Étudiants, Enseignants chercheurs et Chercheurs de Guinée.

Adresse

627 919 101/664 919 101

25 boulevard du commerce
Kaloum, Conakry, Guinée

Réseaux sociaux

Powered by Netsen Group @ 2025